[Event "1. OEsterreichische Internet Schach Meisterschaft - Vorrunde 2"]
[Site "Online - Playchess.com"]
[Date ""]
[Round "5"]
[Board "96"]
[White "Dorner, Guenther"]
[Black "Moerzinger, Christian Jun."]
[Result "1-0"]
[WhiteElo "1787"]
[BlackElo "1638"]
[PlyCount "53"]
[EventDate "2020.04.13"]
[EventRounds "9"]
[EventCountry "AUT"]

1. e4 e5 2. Nf3 Nc6 3. Bb5 a6 4. Ba4 b5 5. Bb3 d6 6. O-O g6 7. c3 Bg7 8. d4 Nf6 9.
Re1 O-O 10. h3 Nh5 11. d5 Ne7 12. a4 f5 13. axb5 a5 14. exf5 Bxf5 15. g4 Bxb1 16.
Rxb1 Nf4 17. Bxf4 Rxf4 18. Ng5 h6 19. Ne6 Qd7 20. Nxf4 exf4 21. c4 a4 22. Bc2 h5
23. Re6 Rf8 24. gxh5 gxh5 25. Qxh5 f3 26. Rbe1 Rf5 27. Bxf5  1-0

[Event "1. OEsterreichische Internet Schach Meisterschaft - Vorrunde 2"]
[Site "Online - Playchess.com"]
[Date ""]
[Round "5"]
[Board "98"]
[White "Haselsberger, Armin"]
[Black "Kanzian, Heinz"]
[Result "1-0"]
[WhiteElo "1395"]
[BlackElo "1642"]
[PlyCount "77"]
[EventDate "2020.04.13"]
[EventRounds "9"]
[EventCountry "AUT"]

1. d4 d5 2. Bf4 e6 3. e3 Be7 4. c4 Bg5 5. Bxg5 Qxg5 6. Nf3 Qd8 7. Nc3 c6 8. Rc1 Bd7
9. Qb3 b6 10. cxd5 exd5 11. Bd3 Nf6 12. O-O h6 13. Rfe1 O-O 14. e4 dxe4 15. Nxe4
Nxe4 16. Bxe4 Be6 17. Qc3 Bd5 18. Bxd5 cxd5 19. Qc7 Qxc7 20. Rxc7 Na6 21. Rd7 Nb4
22. a3 Nd3 23. Re3 Rac8 24. h3 Nxb2 25. Rxd5 Nc4 26. Rb3 Na5 27. Rb1 Rc3 28. Rd7
Ra8 29. a4 Ra3 30. Rb4 Nb3 31. d5 Nc1 32. Ne5 Ne2+ 33. Kh2 f6 34. Nc6 Kf8 35. d6
Rd3 36. Nxa7 Nd4 37. Rxb6 Nf5 38. Nb5 Rxa4 39. Rb8#  1-0

[Event "1. OEsterreichische Internet Schach Meisterschaft - Vorrunde 2"]
[Site "Online - Playchess.com"]
[Date ""]
[Round "5"]
[Board "99"]
[White "Pasteiner, Gernot"]
[Black "Astner, Klaus"]
[Result "1-0"]
[WhiteElo "1632"]
[BlackElo "1409"]
[PlyCount "69"]
[EventDate "2020.04.13"]
[EventRounds "9"]
[EventCountry "AUT"]

1. e4 c6 2. c4 d5 3. exd5 cxd5 4. cxd5 Nf6 5. d4 Nxd5 6. Bb5+ Nc6 7. Qa4 Qc7 8. Nf3
Bd7 9. O-O g6 10. Nc3 Nxc3 11. bxc3 Bg7 12. Re1 e6 13. d5 a6 14. dxc6 bxc6 15. Nd4
cxb5 16. Qb3 O-O 17. Bg5 h6 18. Bh4 a5 19. Bg3 Qb6 20. Qc2 Bxd4 21. cxd4 Rad8 22.
Rab1 b4 23. a3 Qxd4 24. axb4 axb4 25. Be5 Qb6 26. Qb2 Rb8 27. Bh8 f6 28. Bxf6 Rxf6
29. Qxf6 Rf8 30. Qxg6+ Kh8 31. Qxh6+ Kg8 32. Qg6+ Kh8 33. Re3 e5 34. Rd1 Bf5 35.
Qxb6  1-0

[Event "1. OEsterreichische Internet Schach Meisterschaft - Vorrunde 2"]
[Site "Online - Playchess.com"]
[Date ""]
[Round "6"]
[Board "1"]
[White "Poetz, Florian"]
[Black "Shengelia, David"]
[Result "1-0"]
[WhiteElo "2422"]
[BlackElo "2544"]
[PlyCount "47"]
[EventDate "2020.04.13"]
[EventRounds "9"]
[EventCountry "AUT"]

1. e4 c5 2. Nf3 d6 3. d4 cxd4 4. Nxd4 Nf6 5. Nc3 a6 6. h3 e5 7. Nb3 Be6 8. f4 Nc6
9. f5 Bxb3 10. axb3 d5 11. exd5 Nd4 12. g4 Nxd5 13. Bg2 Qh4+ 14. Kf1 Ne7 15. Ne4
Nexf5 16. gxf5 Nxf5 17. Bg5 Qxg5 18. Nxg5 Ne3+ 19. Ke2 Nxd1 20. Rhxd1 Rb8 21. Bd5
Be7 22. Nxf7 O-O 23. Nxe5+ Kh8 24. Nd7  1-0

[Event "1. OEsterreichische Internet Schach Meisterschaft - Vorrunde 2"]
[Site "Online - Playchess.com"]
[Date ""]
[Round "6"]
[Board "2"]
[White "Schweda, Roland"]
[Black "Platzgummer, Fabian"]
[Result "0-1"]
[WhiteElo "2444"]
[BlackElo "2336"]
[PlyCount "108"]
[EventDate "2020.04.13"]
[EventRounds "9"]
[EventCountry "AUT"]

1. d4 d5 2. c4 dxc4 3. Nf3 Nf6 4. Qa4+ c6 5. Qxc4 Bf5 6. Nc3 e6 7. g3 Nbd7 8. Bg2
Be7 9. O-O O-O 10. Qb3 Qb6 11. Re1 Ne4 12. Nh4 Bxh4 13. gxh4 Ndf6 14. Qxb6 axb6 15.
Bf4 b5 16. Nxe4 Bxe4 17. f3 Bd5 18. b3 c5 19. dxc5 Bc6 20. e4 Rfc8 21. Bf1 Nd7 22.
b4 Ra4 23. a3 Rca8 24. Kf2 Rxa3 25. Rxa3 Rxa3 26. Rd1 Rb3 27. Ra1 f6 28. Bd2 Ne5
29. Be2 Kf7 30. Rc1 Nd3+ 31. Bxd3 Rxd3 32. Ke2 Rd4 33. Ke3 Rc4 34. Ra1 f5 35. exf5
exf5 36. Be1 f4+ 37. Ke2 Rc2+ 38. Kd3 Rxh2 39. Bd2 Rf2 40. Bxf4 Rxf3+ 41. Be3 Rh3
42. Rf1+ Ke6 43. Rf4 h6 44. Kd4 g5 45. hxg5 hxg5 46. Rf8 g4 47. Bg5 g3 48. Rf6+ Kd7
49. Rd6+ Ke8 50. Ke5 Kf7 51. Rf6+ Kg7 52. Kf5 g2 53. Rg6+ Kh7 54. Bf4 Be4+  0-1

[Event "1. OEsterreichische Internet Schach Meisterschaft - Vorrunde 2"]
[Site "Online - Playchess.com"]
[Date ""]
[Round "6"]
[Board "3"]
[White "Mittelberger, Peter"]
[Black "Mostbauer, Florian"]
[Result "0-1"]
[WhiteElo "2176"]
[BlackElo "2309"]
[PlyCount "80"]
[EventDate "2020.04.13"]
[EventRounds "9"]
[EventCountry "AUT"]

1. c4 c6 2. Nc3 d5 3. cxd5 cxd5 4. d4 Nf6 5. Nf3 Nc6 6. Bf4 Bf5 7. e3 e6 8. Bd3 Bxd3
9. Qxd3 Be7 10. O-O O-O 11. Rfc1 Rc8 12. a3 a6 13. Na4 Ne4 14. Nd2 f5 15. f3 Qa5
16. fxe4 fxe4 17. Qb3 Qxd2 18. Qxb7 Na5 19. Qxc8 Rxc8 20. Rxc8+ Kf7 21. Rf1 Bf6 22.
Rc7+ Kg6 23. Nc5 Nc4 24. Nxe6 Nxe3 25. Bxe3 Qxe3+ 26. Kh1 h6 27. Nf4+ Kg5 28. Nxd5
Qxd4 29. Nxf6 gxf6 30. Rf7 e3 31. Re7 f5 32. g3 Kf6 33. Re8 Kf7 34. Rc8 e2 35. Re1
Qf2 36. Rcc1 h5 37. b4 h4 38. gxh4 f4 39. a4 f3 40. b5 Qg2#  0-1

[Event "1. OEsterreichische Internet Schach Meisterschaft - Vorrunde 2"]
[Site "Online - Playchess.com"]
[Date ""]
[Round "6"]
[Board "4"]
[White "Ragger, Markus"]
[Black "Frank, Paul"]
[Result "1-0"]
[WhiteElo "2679"]
[BlackElo "2210"]
[PlyCount "55"]
[EventDate "2020.04.13"]
[EventRounds "9"]
[EventCountry "AUT"]

1. e4 c5 2. Nf3 Nc6 3. Bb5 g6 4. Bxc6 bxc6 5. d4 Bg7 6. dxc5 Qa5+ 7. Nbd2 Qxc5 8.
O-O d6 9. Re1 Nh6 10. e5 O-O 11. Ne4 Qd5 12. exd6 Nf5 13. dxe7 Nxe7 14. Bg5 Nf5 15.
Nf6+ Bxf6 16. Bxf6 Qxd1 17. Raxd1 Be6 18. b3 a5 19. Ne5 Rfc8 20. g4 Ng7 21. f3 a4
22. Nd3 axb3 23. axb3 Bd5 24. Kf2 Ra2 25. Nb4 Ra5 26. c4 Be6 27. Nxc6 Ra2+ 28. Re2
 1-0

[Event "1. OEsterreichische Internet Schach Meisterschaft - Vorrunde 2"]
[Site "Online - Playchess.com"]
[Date ""]
[Round "6"]
[Board "5"]
[White "Froewis, Georg"]
[Black "Juenger, Heinz"]
[Result "1-0"]
[WhiteElo "2457"]
[BlackElo "2165"]
[PlyCount "49"]
[EventDate "2020.04.13"]
[EventRounds "9"]
[EventCountry "AUT"]

1. Nf3 Nf6 2. c4 g6 3. Nc3 d5 4. cxd5 Nxd5 5. Qb3 Nb6 6. d4 Bg7 7. e4 Bg4 8. Bb5+
c6 9. Ng5 O-O 10. Be2 Bxe2 11. Nxe2 Bxd4 12. Qh3 h5 13. g4 Bf6 14. gxh5 Bxg5 15.
hxg6 fxg6 16. Bxg5 Qd7 17. Qb3+ e6 18. Rg1 Qf7 19. Be3 N8d7 20. Nf4 Ne5 21. O-O-O
Nbc4 22. Nxg6 Nxg6 23. Qxc4 Kh7 24. Qe2 Qf3 25. Rd7+  1-0

[Event "1. OEsterreichische Internet Schach Meisterschaft - Vorrunde 2"]
[Site "Online - Playchess.com"]
[Date ""]
[Round "6"]
[Board "6"]
[White "Belke, Frank"]
[Black "Leisch, Lukas"]
[Result "0-1"]
[WhiteElo "2273"]
[BlackElo "2362"]
[PlyCount "48"]
[EventDate "2020.04.13"]
[EventRounds "9"]
[EventCountry "AUT"]

1. d4 Nf6 2. c4 e6 3. Nc3 Bb4 4. Qc2 O-O 5. a3 Bxc3+ 6. Qxc3 d5 7. Bg5 dxc4 8. Qxc4
b6 9. Nf3 h6 10. Bxf6 Qxf6 11. Qxc7 Ba6 12. e3 Rc8 13. Qe5 Qg6 14. Bxa6 Nxa6 15.
O-O Rc2 16. Qb5 Nc7 17. Qb3 Nd5 18. Rac1 Rac8 19. Rxc2 Rxc2 20. h3 a5 21. Ne5 Qe4
22. Qb5 Nxe3 23. Qe8+ Kh7 24. fxe3 Qxg2#  0-1

[Event "1. OEsterreichische Internet Schach Meisterschaft - Vorrunde 2"]
[Site "Online - Playchess.com"]
[Date ""]
[Round "6"]
[Board "7"]
[White "Alvir, Aco"]
[Black "Neuschmied, Siegfried"]
[Result "1-0"]
[WhiteElo "2355"]
[BlackElo "2268"]
[PlyCount "79"]
[EventDate "2020.04.13"]
[EventRounds "9"]
[EventCountry "AUT"]

1. e4 d6 2. d4 Nf6 3. Nc3 g6 4. Be3 c6 5. Qf3 Nbd7 6. g4 h6 7. O-O-O Qa5 8. h3 Bg7
9. Bc4 Rb8 10. Bb3 O-O 11. Qg3 b5 12. e5 Ne8 13. f4 b4 14. Ne4 dxe5 15. fxe5 Nb6
16. g5 h5 17. Nc5 Bf5 18. Ne2 e6 19. Qf3 Nd5 20. Ng3 Nec7 21. Nxf5 exf5 22. Nd7 Ne6
23. Nf6+ Bxf6 24. gxf6 Rfc8 25. Rdg1 Kf8 26. Bf2 Ke8 27. Rg3 Qb5 28. Qd3 a5 29. Qxb5
Rxb5 30. h4 Rb7 31. Rd1 Ra7 32. c4 bxc3 33. bxc3 a4 34. Bc2 Rb8 35. c4 Nb4 36. d5
Nxa2+ 37. Kd2 cxd5 38. Bxa7 Rb2 39. cxd5 Nf4 40. Rb1  1-0

[Event "1. OEsterreichische Internet Schach Meisterschaft - Vorrunde 2"]
[Site "Online - Playchess.com"]
[Date ""]
[Round "6"]
[Board "8"]
[White "Perhinig, Robert"]
[Black "Morgunov, Marc"]
[Result "1/2-1/2"]
[WhiteElo "2252"]
[BlackElo "2341"]
[PlyCount "123"]
[EventDate "2020.04.13"]
[EventRounds "9"]
[EventCountry "AUT"]

1. d4 Nf6 2. Bg5 d5 3. Bxf6 gxf6 4. c4 dxc4 5. e3 c5 6. Bxc4 e6 7. Nc3 cxd4 8. exd4
a6 9. d5 e5 10. d6 Bxd6 11. Qh5 Qc7 12. Bb3 Bb4 13. Nge2 Nc6 14. O-O Bxc3 15. Nxc3
Rf8 16. Nd5 Qd6 17. Rfd1 Nd4 18. Qh6 Be6 19. Nxf6+ Ke7 20. Ne4 Qc6 21. Ng5 Bxb3 22.
Qxc6 bxc6 23. axb3 f6 24. Ne4 Rfd8 25. Nc5 a5 26. Kf1 Rd5 27. Na4 Nxb3 28. Rxd5 cxd5
29. Ra3 Rb8 30. Nc3 d4 31. Nd5+ Kd6 32. Nxf6 Nd2+ 33. Ke2 Rxb2 34. Kd3 Nb1 35. Rxa5
Rd2+ 36. Kc4 Nc3 37. Ra6+ Ke7 38. Nd5+ Nxd5 39. Kxd5 Rxf2 40. Kxe5 d3 41. Ra7+ Ke8
42. Ra8+ Kd7 43. Ra4 d2 44. Rd4+ Ke7 45. g4 Rxh2 46. g5 Kf7 47. Kf5 Rf2+ 48. Kg4
Ke6 49. Kg3 Re2 50. Kf3 Rh2 51. Kg3 Re2 52. Kf3 Re5 53. Rxd2 Rxg5 54. Rd4 Kf6 55.
Rf4+ Ke5 56. Rg4 Rf5+ 57. Kg3 h5 58. Rg8 Kf6 59. Kh4 Ke5 60. Rg5 Kf4 61. Rxf5+ Kxf5
62. Kxh5  1/2-1/2

[Event "1. OEsterreichische Internet Schach Meisterschaft - Vorrunde 2"]
[Site "Online - Playchess.com"]
[Date ""]
[Round "6"]
[Board "9"]
[White "Postl, Anton"]
[Black "Riemelmoser, Stefan"]
[Result "1/2-1/2"]
[WhiteElo "2290"]
[BlackElo "2046"]
[PlyCount "153"]
[EventDate "2020.04.13"]
[EventRounds "9"]
[EventCountry "AUT"]

1. d4 e6 2. c4 d5 3. Nf3 Nf6 4. Nc3 Be7 5. Bf4 O-O 6. e3 c5 7. dxc5 Bxc5 8. a3 Nc6
9. Qc2 Re8 10. O-O-O Qa5 11. Bg5 Ne4 12. Nxe4 dxe4 13. Qxe4 Bxa3 14. bxa3 Qxa3+ 15.
Kd2 h6 16. Bf4 e5 17. Bg3 Rd8+ 18. Ke1 Be6 19. Nd2 Qc3 20. Qb1 Rxd2 21. Rxd2 Rd8
22. Qd1 Nb4 23. Bd3 Rxd3 24. Bxe5 Nc2+ 25. Ke2 Rxd2+ 26. Qxd2 Qxe5 27. Qxc2 Qc5 28.
Rd1 Bxc4+ 29. Ke1 Qb4+ 30. Qd2 Qc5 31. Qd4 Qa5+ 32. Qd2 Qc5 33. Qd8+ Kh7 34. Qd4
Qb4+ 35. Qd2 Qc5 36. f3 a5 37. Kf2 a4 38. Qc2+ g6 39. Qxa4 b5 40. Qa8 Qb4 41. Qd8
Qb2+ 42. Qd2 Qe5 43. Qd4 Qb8 44. g3 Qc8 45. Ra1 Qh3 46. Kg1 Qh5 47. Qf4 Qd5 48. h4
b4 49. Rc1 b3 50. Qxc4 b2 51. Qxd5 bxc1=Q+ 52. Kg2 Qc2+ 53. Kh3 Qc7 54. g4 Kg7 55.
f4 Qe7 56. Qd4+ Kh7 57. Kg3 Qc7 58. Qf6 Qd7 59. g5 h5 60. Qd4 Qg4+ 61. Kf2 Qxh4+
62. Ke2 Qg4+ 63. Kd3 Qf5+ 64. Qe4 Qxe4+ 65. Kxe4 Kg7 66. f5 Kf8 67. Kf4 Ke7 68. e4
Kd6 69. e5+ Ke7 70. Ke4 Kd7 71. Kf4 Ke7 72. Ke4 Kd7 73. e6+ Ke7 74. exf7 gxf5+ 75.
Kxf5 Kxf7 76. g6+ Kg7 77. Kg5  1/2-1/2

[Event "1. OEsterreichische Internet Schach Meisterschaft - Vorrunde 2"]
[Site "Online - Playchess.com"]
[Date ""]
[Round "6"]
[Board "10"]
[White "Wohlfahrt, Herbert"]
[Black "Brehovsky, Paul"]
[Result "0-1"]
[WhiteElo "2285"]
[BlackElo "2149"]
[PlyCount "120"]
[EventDate "2020.04.13"]
[EventRounds "9"]
[EventCountry "AUT"]

1. Nf3 Nf6 2. c4 e6 3. g3 d5 4. Bg2 Be7 5. O-O O-O 6. d4 dxc4 7. Qc2 Bd7 8. Ne5 Nc6
9. Nxc6 Bxc6 10. Bxc6 bxc6 11. Qxc4 Qd5 12. Nd2 Rfd8 13. e3 c5 14. dxc5 Bxc5 15.
Qxd5 Rxd5 16. Nc4 Rad8 17. b3 Ne4 18. f3 Nd6 19. Nb2 Nf5 20. Kf2 Rd2+ 21. Kg1 Bxe3+
22. Kh1 Re2 23. Nc4 Bxc1 24. Rfxc1 h5 25. Re1 Rxe1+ 26. Rxe1 Rd3 27. Kg2 Nd6 28.
Ne5 Rd2+ 29. Kh3 Rxa2 30. Rc1 Nb5 31. Rc5 a6 32. Nd3 Rd2 33. Nb4 Nd4 34. Rc3 a5 35.
Na6 Rb2 36. Nc5 e5 37. f4 f6 38. fxe5 fxe5 39. g4 g6 40. gxh5 gxh5 41. Ne4 Rxb3 42.
Rxb3 Nxb3 43. Kh4 a4 44. Kxh5 Kf7 45. Kg4 Ke6 46. Kf3 Kd5 47. Nc3+ Kd4 48. Nxa4 e4+
49. Ke2 Nc1+ 50. Kd1 Nd3 51. Kd2 e3+ 52. Ke2 Ke4 53. Nc3+ Kd4 54. Nb5+ Ke4 55. Nxc7
Nf4+ 56. Ke1 Kf3 57. Nb5 Nd3+ 58. Kd1 e2+ 59. Kd2 e1=Q+ 60. Kxd3 Qe2+  0-1

[Event "1. OEsterreichische Internet Schach Meisterschaft - Vorrunde 2"]
[Site "Online - Playchess.com"]
[Date ""]
[Round "6"]
[Board "11"]
[White "Peyrer, Konstantin"]
[Black "Meier, Alexander"]
[Result "1-0"]
[WhiteElo "2265"]
[BlackElo "2226"]
[PlyCount "81"]
[EventDate "2020.04.13"]
[EventRounds "9"]
[EventCountry "AUT"]

1. Nf3 g6 2. g3 Bg7 3. Bg2 d6 4. d4 Nf6 5. Nc3 O-O 6. O-O c6 7. e4 Nbd7 8. h3 Qc7
9. Be3 e5 10. Qd2 Re8 11. Rfe1 Nf8 12. Rad1 Ne6 13. Bh6 Bh8 14. Be3 Bg7 15. Kh2 Bd7
16. dxe5 dxe5 17. Qd6 Qxd6 18. Rxd6 Bf8 19. Rd2 b6 20. Nxe5 Bc8 21. Nxc6 Bb7 22.
Nd5 Nxd5 23. exd5 Nc5 24. Rde2 Rac8 25. Bd4 Rxe2 26. Rxe2 Bxc6 27. dxc6 Ne6 28. Be5
Bc5 29. c3 a5 30. f4 h5 31. Rd2 Kf8 32. Rd7 h4 33. gxh4 Be3 34. Kg3 Bc1 35. b3 b5
36. h5 gxh5 37. f5 Ng5 38. h4 Nh7 39. Bd5 f6 40. Bd6+ Ke8 41. Rxh7  1-0

[Event "1. OEsterreichische Internet Schach Meisterschaft - Vorrunde 2"]
[Site "Online - Playchess.com"]
[Date ""]
[Round "6"]
[Board "12"]
[White "Wiedermann, Daniel"]
[Black "Bauer, Sebastian"]
[Result "1/2-1/2"]
[WhiteElo "2048"]
[BlackElo "2237"]
[PlyCount "93"]
[EventDate "2020.04.13"]
[EventRounds "9"]
[EventCountry "AUT"]

1. d4 Nf6 2. c4 e6 3. Nc3 Bb4 4. a3 Bxc3+ 5. bxc3 O-O 6. f3 d6 7. e4 Nc6 8. Bd3 e5
9. Be3 b6 10. Qe2 Ba6 11. d5 Na5 12. Nh3 Nd7 13. O-O Nc5 14. Bxc5 bxc5 15. f4 exf4
16. e5 g6 17. Nxf4 dxe5 18. Nh5 f5 19. Qxe5 Rf7 20. Nf4 Bxc4 21. Bxc4 Nxc4 22. Qe2
Nd6 23. Rae1 Qf6 24. c4 Qd4+ 25. Kh1 Qxc4 26. Qxc4 Nxc4 27. Ne6 Nb6 28. Nxc5 Rd8
29. Re5 Rxd5 30. Re8+ Rf8 31. Rxf8+ Kxf8 32. Ne6+ Kf7 33. Nxc7 Rd3 34. Nb5 a6 35.
Nc7 Rxa3 36. h3 a5 37. Rb1 Nd7 38. Rb7 Rd3 39. Ra7 Kf6 40. Rxa5 Kg5 41. Ne6+ Kf6
42. Nc7 Ne5 43. Ne8+ Ke6 44. Nc7+ Kd6 45. Ne8+ Ke6 46. Nc7+ Kf6 47. Ne8+  1/2-1/2

[Event "1. OEsterreichische Internet Schach Meisterschaft - Vorrunde 2"]
[Site "Online - Playchess.com"]
[Date ""]
[Round "6"]
[Board "13"]
[White "Breneis, Gerhard"]
[Black "Mostbauer, Maximilian"]
[Result "0-1"]
[WhiteElo "1990"]
[BlackElo "2217"]
[PlyCount "78"]
[EventDate "2020.04.13"]
[EventRounds "9"]
[EventCountry "AUT"]

1. e4 e6 2. Qe2 Be7 3. g3 d5 4. d3 b6 5. Bg2 Bb7 6. f4 Nf6 7. e5 Nfd7 8. Nf3 c5 9.
O-O Nc6 10. c3 Qc7 11. Be3 O-O-O 12. a3 h6 13. b4 Rdg8 14. bxc5 Bxc5 15. d4 Be7 16.
Nbd2 Na5 17. Rfc1 Kb8 18. Ne1 Rc8 19. Qd1 g5 20. Nd3 Ba6 21. Nb4 Bb7 22. f5 Nc4 23.
fxe6 Nxe3 24. Qa4 fxe6 25. Bh3 g4 26. Bf1 Nxf1 27. Nxf1 Rhf8 28. Rc2 h5 29. Qb5 Bxb4
30. axb4 Qc6 31. Qd3 Rf3 32. Qg6 Rxc3 33. Rf2 Nxe5 34. Qxh5 Nf3+ 35. Kh1 Rc2 36.
Rxc2 Qxc2 37. Qxg4 Qe4 38. Qxe4 dxe4 39. h4 Nxd4  0-1

[Event "1. OEsterreichische Internet Schach Meisterschaft - Vorrunde 2"]
[Site "Online - Playchess.com"]
[Date ""]
[Round "6"]
[Board "14"]
[White "Freitag, Manfred"]
[Black "Frank, Emanuel"]
[Result "1/2-1/2"]
[WhiteElo "2356"]
[BlackElo "2271"]
[PlyCount "159"]
[EventDate "2020.04.13"]
[EventRounds "9"]
[EventCountry "AUT"]

1. e4 e5 2. Nf3 Nc6 3. Bb5 a6 4. Ba4 Nf6 5. O-O Be7 6. Re1 b5 7. Bb3 d6 8. c3 O-O
9. h3 Na5 10. Bc2 c5 11. d4 Qc7 12. d5 Bd7 13. b3 Rfc8 14. Nbd2 Nb7 15. c4 b4 16.
Nf1 a5 17. a4 bxa3 18. N1d2 a4 19. bxa4 Ra5 20. Rxa3 Rca8 21. Bb2 Qd8 22. Bc3 R5a6
23. Qa1 Na5 24. Rb1 Qe8 25. Rb2 Bd8 26. Qb1 Bc7 27. Qa2 Qc8 28. Bd3 Nh5 29. Rb5 Nf4
30. Bf1 Bxb5 31. cxb5 R6a7 32. Kh2 Bb6 33. g3 Nh5 34. Nc4 Nxc4 35. Bxc4 Qc7 36. Nd2
Ba5 37. Bxa5 Rxa5 38. Be2 Nf6 39. f3 Qa7 40. Nc4 Rxa4 41. Rxa4 Qxa4 42. Qxa4 Rxa4
43. Kg2 Ne8 44. f4 exf4 45. gxf4 Kf8 46. Kf2 Ke7 47. Ke3 Rb4 48. b6 Kd8 49. e5 Rb3+
50. Bd3 dxe5 51. fxe5 f6 52. e6 Ke7 53. Kd2 Nd6 54. Na5 Rxb6 55. Nc6+ Ke8 56. Bxh7
Rxc6 57. dxc6 Ke7 58. Bg8 Ne8 59. Ke3 Nc7 60. Ke4 Nxe6 61. Kd5 Nc7+ 62. Kxc5 f5 63.
Bc4 g5 64. Bd3 Kf6 65. Kd6 Na8 66. Ba6 g4 67. hxg4 fxg4 68. Bb7 Nb6 69. Kc5 Na4+
70. Kb4 Nb6 71. Kb5 Nd5 72. Kc5 Nc7 73. Kd6 Nb5+ 74. Kc5 Nc7 75. Kb6 Ne6 76. c7 Nxc7
77. Kxc7 Ke5 78. Kd7 g3 79. Ke7 g2 80. Bxg2  1/2-1/2

[Event "1. OEsterreichische Internet Schach Meisterschaft - Vorrunde 2"]
[Site "Online - Playchess.com"]
[Date ""]
[Round "6"]
[Board "15"]
[White "Baumegger, Siegfried"]
[Black "Maierhofer, Johann"]
[Result "1-0"]
[WhiteElo "2441"]
[BlackElo "2087"]
[PlyCount "22"]
[EventDate "2020.04.13"]
[EventRounds "9"]
[EventCountry "AUT"]

1. e4 e6 2. d4 d5 3. exd5 exd5 4. Nf3 Bd6 5. c4 dxc4 6. Bxc4 Ne7 7. Ng5 O-O 8. Qh5
h6 9. Nxf7 Qe8 10. Nxh6+ Kh7 11. Nf7+ Kg8  1-0

[Event "1. OEsterreichische Internet Schach Meisterschaft - Vorrunde 2"]
[Site "Online - Playchess.com"]
[Date ""]
[Round "6"]
[Board "16"]
[White "Neubauer, Martin"]
[Black "Brod, Manfred"]
[Result "1-0"]
[WhiteElo "2421"]
[BlackElo "2211"]
[PlyCount "47"]
[EventDate "2020.04.13"]
[EventRounds "9"]
[EventCountry "AUT"]

1. e4 e6 2. d4 d5 3. Nd2 c5 4. exd5 Qxd5 5. dxc5 Bxc5 6. Ngf3 Nf6 7. Bc4 Qd6 8. Qe2
a6 9. O-O O-O 10. Ne4 Nxe4 11. Qxe4 Nc6 12. Ng5 f5 13. Bxe6+ Bxe6 14. Qxe6+ Kh8 15.
Nf7+ Rxf7 16. Qxf7 Ne5 17. Qb3 Ng4 18. g3 Re8 19. Bf4 Qg6 20. Qf3 Qh5 21. h4 h6 22.
Rad1 g5 23. Qc3+ Kg8 24. Qxc5  1-0

[Event "1. OEsterreichische Internet Schach Meisterschaft - Vorrunde 2"]
[Site "Online - Playchess.com"]
[Date ""]
[Round "6"]
[Board "17"]
[White "Schloffer, Jasmin-Denise"]
[Black "Schneider-Zinner, Harald"]
[Result "0-1"]
[WhiteElo "2110"]
[BlackElo "2381"]
[PlyCount "108"]
[EventDate "2020.04.13"]
[EventRounds "9"]
[EventCountry "AUT"]

1. d4 Nf6 2. c4 b6 3. Nc3 Bb7 4. Qc2 e6 5. Bg5 h6 6. Bh4 Be7 7. e4 O-O 8. Bd3 Nc6
9. Nge2 Nb4 10. Qd1 Nxd3+ 11. Qxd3 d5 12. cxd5 exd5 13. e5 Ne4 14. Bxe7 Qxe7 15.
O-O Rfd8 16. f3 Nxc3 17. bxc3 a5 18. Qd2 Ba6 19. Rfe1 c5 20. f4 Qd7 21. Ng3 Qg4 22.
Qe3 cxd4 23. cxd4 Bc8 24. Rab1 Rb8 25. h3 Qh4 26. f5 Re8 27. Rf1 Bd7 28. Rf4 Qg5
29. h4 Qe7 30. Re1 Qf8 31. f6 g6 32. h5 Kh7 33. Qd3 Qg8 34. Ref1 Rbc8 35. Rh4 Rc4
36. Rhf4 Bb5 37. Re1 Rb4 38. Qd2 gxh5 39. Nxh5 Qg5 40. g4 Ba4 41. Ng7 Rg8 42. Qe3
Rb2 43. Qd3+ Qg6 44. Qxg6+ Kxg6 45. Rf2 Rxf2 46. Kxf2 Bd7 47. Kf3 Rc8 48. Nh5 Kg5
49. Rg1 Rc3+ 50. Kf2 Bxg4 51. Ng7 h5 52. e6 fxe6 53. f7 Rf3+ 54. Kg2 Rxf7  0-1

[Event "1. OEsterreichische Internet Schach Meisterschaft - Vorrunde 2"]
[Site "Online - Playchess.com"]
[Date ""]
[Round "6"]
[Board "18"]
[White "Kuecher, Wolfgang"]
[Black "Enoeckl, Philipp"]
[Result "0-1"]
[WhiteElo "2117"]
[BlackElo "2276"]
[PlyCount "86"]
[EventDate "2020.04.13"]
[EventRounds "9"]
[EventCountry "AUT"]

1. g3 Nf6 2. Bg2 g6 3. e4 d6 4. Nc3 Bg7 5. d4 O-O 6. h3 Nbd7 7. Nge2 Rb8 8. Be3 b5
9. a3 a5 10. O-O e5 11. d5 Nc5 12. b4 axb4 13. axb4 Na4 14. Nxa4 bxa4 15. Rxa4 Bd7
16. Ra7 Rxb4 17. c3 Rb2 18. Nc1 Qb8 19. Nd3 Rb7 20. Ra1 c5 21. Qc2 Qc7 22. Rfb1 Rfb8
23. Rxb7 Qxb7 24. Ra2 Ne8 25. Rb2 Qc8 26. Rxb8 Qxb8 27. Qb2 Qa7 28. Nb4 Qb7 29. Nd3
Qa6 30. Bf1 Bb5 31. Qc2 f5 32. exf5 gxf5 33. Qb1 e4 34. Nf4 Bxf1 35. Qxf1 Qxf1+ 36.
Kxf1 Bxc3 37. Ke2 Nc7 38. Bxc5 dxc5 39. d6 Nb5 40. d7 Bf6 41. Ne6 Nd4+ 42. Nxd4 cxd4
43. f3 Kf7  0-1

[Event "1. OEsterreichische Internet Schach Meisterschaft - Vorrunde 2"]
[Site "Online - Playchess.com"]
[Date ""]
[Round "6"]
[Board "19"]
[White "Hiermann, Dietmar"]
[Black "Teuschler, Hugo"]
[Result "1/2-1/2"]
[WhiteElo "2250"]
[BlackElo "2055"]
[PlyCount "130"]
[EventDate "2020.04.13"]
[EventRounds "9"]
[EventCountry "AUT"]

1. e4 c5 2. Nf3 d6 3. d4 cxd4 4. Nxd4 Nf6 5. Bd3 e5 6. Ne2 Be6 7. c4 a6 8. O-O Be7
9. Nbc3 O-O 10. Ng3 g6 11. Nd5 Bxd5 12. cxd5 Ne8 13. Bh6 Ng7 14. Qd2 Nd7 15. b4 b5
16. a4 Qb6 17. Be3 Qb7 18. a5 Rac8 19. Bh6 Rc7 20. Rac1 Rfc8 21. Rxc7 Qxc7 22. Rc1
Qxc1+ 23. Qxc1 Rxc1+ 24. Bxc1 Bh4 25. Ne2 f5 26. f3 Be1 27. Ba3 Nf6 28. Kf1 Bd2 29.
Ng3 fxe4 30. fxe4 Nfe8 31. Ke2 Bc3 32. Nf1 Nc7 33. Ne3 Nh5 34. g3 Nf6 35. Nc2 Ng4
36. h3 Nf6 37. Bc1 Nh5 38. Kf3 Kf7 39. Be3 Ke7 40. Bf1 Nf6 41. h4 h5 42. Bh3 Nfxd5
43. exd5 Nxd5 44. Bg5+ Kf7 45. Bc8 Nxb4 46. Nxb4 Bxb4 47. Bxa6 Bxa5 48. Bxb5 Ke6
49. Be8 d5 50. Bxg6 e4+ 51. Kf2 Bb6+ 52. Kg2 Ke5 53. Bxh5 d4 54. Kf1 Ba5 55. Bg6
d3 56. h5 Kd4 57. h6 e3 58. Bf5 e2+ 59. Kg2 e1=Q 60. Bf6+ Kc4 61. h7 Qe2+ 62. Kh3
Qh5+ 63. Kg2 Qe2+ 64. Kh3 Qh5+ 65. Kg2 Qe2+  1/2-1/2

[Event "1. OEsterreichische Internet Schach Meisterschaft - Vorrunde 2"]
[Site "Online - Playchess.com"]
[Date ""]
[Round "6"]
[Board "20"]
[White "Hessenberger, Andreas"]
[Black "Gelbenegger, Patrick"]
[Result "0-1"]
[WhiteElo "2019"]
[BlackElo "2240"]
[PlyCount "74"]
[EventDate "2020.04.13"]
[EventRounds "9"]
[EventCountry "AUT"]

1. e4 e5 2. c3 Nf6 3. d4 exd4 4. e5 Ne4 5. cxd4 d5 6. Bd3 Bb4+ 7. Nd2 O-O 8. Ngf3
Bg4 9. Be2 Nc6 10. O-O Bxd2 11. Nxd2 Nxd2 12. Bxd2 Bxe2 13. Qxe2 Nxd4 14. Qd3 Ne6
15. f4 c6 16. Rf3 Nc5 17. Qf5 Ne4 18. Be1 Qb6+ 19. Kh1 Qxb2 20. Rd1 Qe2 21. Rfd3
Nc5 22. R3d2 Qe4 23. Qg4 Rfe8 24. Rd4 Qg6 25. Qh3 Ne4 26. g4 Qe6 27. R4d3 f6 28.
exf6 Nxf6 29. f5 Qe4+ 30. Rf3 Qxg4 31. Qf1 Ne4 32. f6 Nxf6 33. Bc3 Ne4 34. Rd4 Rf8
35. Rdd3 Ng5 36. Rg3 Rxf1+ 37. Kg2 Qe2#  0-1